000 00334nam a22001217a 4500
020 _a9789380235899
082 _a637.1
_bTHO/QU
100 _aThompkinson, D.K
_aLatha Sabikhi
_9330
245 _aQuality Milk Production and Processing Technology
260 _aNew Delhi
_bNew India Publishing Agency
_c2012
300 _a274
942 _cBK
999 _c14253
_d14253